Central Library OPAC University of Rajshahi

A modern approach to evidence : (Record no. 59591)

MARC details
000 -LEADER
fixed length control field 00942nam a2200289 a 4500
001 - CONTROL NUMBER
control field 59591
003 - CONTROL NUMBER IDENTIFIER
rucl marc code BD-RjUL
005 - DATE AND TIME OF LATEST TRANSACTION
control field 20211209080740.0
008 - FIXED-LENGTH DATA ELEMENTS--GENERAL INFORMATION
fixed length control field 161226t19831982mnu | 001 0 eng
020 ## - INTERNATIONAL STANDARD BOOK NUMBER
International Standard Book Number 0314675949
035 ## - SYSTEM CONTROL NUMBER
System control number (BD-RjUL)59715
040 ## - CATALOGING SOURCE
Original cataloging agency DLC
Transcribing agency DLC
Modifying agency DLC
-- BD-RjUL
Language of cataloging eng
041 ## - LANGUAGE CODE
Language code of text/sound track or separate title eng
082 00 - DEWEY DECIMAL CLASSIFICATION NUMBER
Classification number 347.736
Edition number 23
Author mark and year LEM 1983
100 1# - MAIN ENTRY--PERSONAL NAME
Personal name Lempert, Richard O.
9 (RLIN) 177258
245 12 - TITLE STATEMENT
Title A modern approach to evidence :
Remainder of title text, problems, transcripts, and cases /
Statement of responsibility, etc. by Richard O. Lempert and Stephen A. Saltzburg.
250 ## - EDITION STATEMENT
Edition statement 2nd ed.
260 ## - PUBLICATION, DISTRIBUTION, ETC. (IMPRINT)
Place of publication, distribution, etc. St. Paul, Minn. :
Name of publisher, distributor, etc. West Pub. Co.,
Date of publication, distribution, etc. 1982, c1983.
300 ## - PHYSICAL DESCRIPTION
Pagination lvii, 1232 p. ;
Size 26 cm.
500 ## - GENERAL NOTE
General note Includes index.
650 #0 - SUBJECT ADDED ENTRY--TOPICAL TERM
Topical term or geographic name as entry element Evidence (Law)
Geographic subdivision United States
General subdivision Cases.
9 (RLIN) 177260
700 1# - ADDED ENTRY--PERSONAL NAME
Personal name Saltzburg, Stephen A.
830 ## - SERIES ADDED ENTRY--UNIFORM TITLE
Uniform title American casebook series
942 ## - ADDED ENTRY ELEMENTS (KOHA)
Source of classification or shelving scheme Dewey Decimal Classification
Koha item type Books
Holdings
Lost status Source of classification or shelving scheme Damaged status Not for loan Collection code Permanent Location Current Location Shelving location Date acquired Source of acquisition Total Checkouts Full call number Date last seen Copy number Koha item type
  Dewey Decimal Classification   Not For Loan Non-fiction Central Library, University of Rajshahi Central Library, University of Rajshahi Reading Room 29/06/1989 Asia foundation, U S A   347.736 LEM 1983 26/12/2016 C-1 Books